00491nam a22001337a 4500003000500000082000800005100001700013245015100030264003300181300002500214650002800239700003300267856005700300NUST a200 aSaleem, Arfa aDevelopment-induced Displacement and Dispossession: A Critical Discourse Analysis of the Construction of Dadhocha Dam in Rawalpindi /cArfa Saleem aIslamabad,bS3H NUST;c2024. a109,p;bill;c30,cm; aMS-Development Studies  aSupervisor:Dr. Arslan Waheed uhttp://10.250.8.41:8080/xmlui/handle/123456789/43230